Introuction to biology and biotechnology / (Record no. 27213)

MARC details
000 -LEADER
fixed length control field 01014nam a22002777a 4500
005 - DATE AND TIME OF LATEST TRANSACTION
control field 20090604123358.0
008 - FIXED-LENGTH DATA ELEMENTS--GENERAL INFORMATION
fixed length control field 090216t xxu||||| |||| 00| 0 eng d
010 ## - LCCN (DPL NO)
LC control number ENG-93874
020 ## - INTERNATIONAL STANDARD BOOK NUMBER
Terms of availability 295.00
International Standard Book Number 9788178001527
035 ## - SYSTEM CONTROL NUMBER
System control number EN-77407
037 ## - SOURCE OF ACQUISITION
Source of stock number/acquisition DBAD / PUB
040 ## - CATALOGING SOURCE
Original cataloging agency dpl
Language of cataloging English
082 ## - DEWEY DECIMAL CLASSIFICATION NUMBER
Classification number 570
100 ## - MAIN ENTRY--PERSONAL NAME
Personal name Vaidyanath, K.
245 ## - TITLE STATEMENT
Title Introuction to biology and biotechnology /
Statement of responsibility, etc by K. Vaidyanath, K. Pratap Reddy [and] K. Satya Prasad
250 ## - EDITION STATEMENT
Edition statement 2nd ed.
260 ## - PUBLICATION, DISTRIBUTION, ETC. (IMPRINT)
Place of publication, distribution, etc Hyderabad
Name of publisher, distributor, etc BS Publications
Date of publication, distribution, etc 2008
270 ## - ADDRESS
Address 4-4-309, Giriraj Lane, Sulta Bazar,
City Hyderabad
Postal code 600095
300 ## - PHYSICAL DESCRIPTION
Extent xxiv, 652p.:
Dimensions 25cm(pbk)
Other physical details ill.
500 ## - GENERAL NOTE
General note Includes bibliographical references and index
700 ## - ADDED ENTRY--PERSONAL NAME
Personal name Reddy, K. Pratap
700 ## - ADDED ENTRY--PERSONAL NAME
Personal name Prasad, K. Satya
942 ## - ADDED ENTRY ELEMENTS (KOHA)
Source of classification or shelving scheme Dewey Decimal Classification
Item type English Books
Call number suffix VAI
Classification part 570
Holdings
Withdrawn status Lost status Source of classification or shelving scheme Damaged status Not for loan Collection code Home library Current library Date acquired Source of acquisition Cost, normal purchase price Total Checkouts Full call number Barcode Date last seen Copy number Cost, replacement price Koha item type
    Dewey Decimal Classification   Not For Loan Non-fiction D.B.Act.Division D.B.Act.Division 04/06/2009 DBAD / PUB 295.00   570 VAI EN-77407 04/06/2009 1 295.00 English Books

© Delhi Public Library
Hit Counter
free hit counter